000 00832nam a22002897a 4500
001 BR6003095
003 BR-BrBNA
005 20230928083146.0
007 ta
008 230509b bl.||||| |||| 00| 0 por d
040 _aBR-BrBNA
_bpor
_cBiblioteca Nacional de Agricultura
041 _a(Por)
072 _aE10; E50
_b/G514
090 _ E10 BR6003095
110 1 _aInstituto Gaucho de Reforma Agraria, Porto Alegre, RS (Brasil)
_96364
245 1 _aPlano de colonizacao da Fazenda Sarandi-1962 [Rio Grande do Sul; Brasil]
260 3 _aPorto Alegre, RS (Brasil):
_c1962.
300 _a109 p.
500 _a43 ref.
650 _aCOLONIZACAO
650 _aPROJETO DE COLONIZACAO
650 _aINVESTIMENTO
650 _aDESPESA
650 _aRIO GRANDE DO SUL
909 _a202309
_bLucia
_c55
_dLucia Elande
942 _cBK
999 _c11886
_d11886